00000000nas 2200000zi 4500
0019.841482
003CaOODSP
00520251031145726
006m     o  d f      
007cr |||||||||||
008170811c20169999qucar p o    f0   a0eng|d
022 |a2819-1226|y2291-8019
040 |aCaOODSP|beng|erda|cCaOODSP
043 |an-cn---
0861 |aBC9-5/5E-PDF|zBC9-5/1-2017|zBC9-5/1-2016
1102 |aCanadian Radio-television and Telecommunications Commission.|eauthor, |eissuing body.
222 0|aAccess to Information Act, CRTC annual report
24510|aAccess to Information Act, CRTC annual report.
2463 |aAccess to Information Act, Canadian Radio-Television and Telecommunications Commission annual report
264 1|aHull, Quebec : |bCanadian Radio-Television and Telecommunications Commission = Conseil de la radiodiffusion et des télécommunications canadiennes, |c2016-
310 |aAnnual
336 |atext|btxt|2rdacontent
337 |acomputer|bc|2rdamedia
338 |aonline resource|bcr|2rdacarrier
3621 |aBegan with 2015/2016.
500 |aIssued also in French under title: Lois sur l'accès à l'information, rapport annuel du CRTC.
61020|aCanadian Radio-television and Telecommunications Commission.|vPeriodicals.
61010|aCanada. |tAccess to Information Act|vPeriodicals.
650 0|aFreedom of information|zCanada|vPeriodicals.
650 0|aPublic records|xAccess control|zCanada|vPeriodicals.
655 7|aPeriodicals|2lcgft
77508|tLoi sur l'accès à l'information, rapport annuel du CRTC.|w(CaOODSP)9.841484
78000|tAnnual report. |w(CaOODSP)9.841319